000 00640nam a2200193Ia 4500
003 GCL
008 140319s9999 xx 000 0 ara d
040 _aGCL /
_cGCL
082 0 4 _a366.1
_bح ش
100 1 _aحسين عمر حمادة
245 1 0 _aشهادات ماسونية /
_cحسين عمر حمادة
250 _aالاولى
260 _aسوريا :
_bدار الوثائق للدراسات والطبع والنشر والتوزيع ،
_c2004
300 _a128 ص ؛
_c24 سم
650 0 4 _aالماسونية
650 0 4 _aالماسونية واليهود
650 0 4 _aالجماعات السرية
942 _2ddc
_cBK
999 _c8343
_d8343